United States Air Force Bases - Statistics

General Stats
  • This quiz has been taken 47 times
  • The average score is 28 of 65
Answer Stats
Answer City MAJCOM or Direct Reporting Unit % Correct
Joint Base San Antonio San Antonio, TX Air Education & Training Command
83%
Minot AFB Minot, ND Air Force Global Strike Command
81%
Edwards AFB Edwards, CA Air Force Materiel Command
76%
Nellis AFB Las Vegas, NV Air Combat Command
71%
Grand Forks AFB Grand Forks, ND Air Combat Command
64%
Dover AFB Dover, DE Air Mobility Command
62%
Joint Base Andrews Camp Springs, MD Air Force District of Washington
60%
Mountain Home AFB Mountain Home, ID Air Combat Command
60%
Wright-Patterson AFB Dayton, OH Air Force Materiel Command
60%
Eglin AFB Valparaiso, FL Air Force Materiel Command
57%
Joint Base Langley-Eustis Hampton, VA Air Combat Command
57%
Davis-Monthan AFB Tucson, AZ Air Combat Command
55%
Joint Base Charleston Charleston, SC Air Mobility Command
55%
MacDill AFB Tampa, FL Air Combat Command
55%
Robins AFB Warner Robins, GA Air Force Materiel Command
55%
Tinker AFB Oklahoma City, OK Air Force Materiel Command
55%
Barksdale AFB Bossier City, LA Air Force Global Strike Command
52%
Scott AFB Belleville, IL Air Mobility Command
52%
Fairchild AFB Spokane, WA Air Mobility Command
50%
Joint Base Lewis-McChord Tacoma, WA Air Mobility Command
50%
Keesler AFB Biloxi, MS Air Education & Training Command
50%
Luke AFB Glendale, AZ Air Education & Training Command
50%
Shaw AFB Sumter, SC Air Combat Command
50%
Travis AFB Fairfield, CA Air Mobility Command
50%
Dyess AFB Abilene, TX Air Force Global Strike Command
48%
Sheppard AFB Wichita Falls, TX Air Education & Training Command
48%
Cannon AFB Clovis, NM Air Force Special Operations Command
45%
Ellsworth AFB Box Elder, SD Air Force Global Strike Command
45%
Hill AFB Ogden, UT Air Force Materiel Command
45%
Joint Base Elmendorf-Richardson Anchorage, AK Pacific Air Forces
45%
Joint Base Pearl Harbor-Hickam Honolulu, HI Pacific Air Forces
45%
Kirtland AFB Albuquerque, NM Air Force Materiel Command
45%
Whiteman AFB Knob Noster, MO Air Force Materiel Command
45%
Beale AFB Wheatland, CA Air Combat Command
43%
Creech AFB Indian Springs, NV Air Combat Command
43%
Holloman AFB Alamogordo, NM Air Education & Training Command
43%
Malmstrom AFB Great Falls, MT Air Force Global Strike Command
43%
Tyndall AFB Panama City, FL Air Combat Command
43%
USAF Academy Colorado Springs, CO Chief of Staff of the Air Force
43%
Altus AFB Altus, OK Air Education & Training Command
40%
Columbus AFB Columbus, MS Air Education & Training Command
40%
Maxwell AFB Montgomery, AL Air Education & Training Command
40%
Offutt AFB Bellevue, NE Air Combat Command
40%
Vance AFB Enid, OK Air Education & Training Command
40%
Eielson AFB Fairbanks, AK Pacific Air Forces
38%
Laughlin AFB Del Rio, TX Air Education & Training Command
38%
Little Rock AFB Jacksonville, AR Air Mobility Command
38%
Moody AFB Valdosta, GA Air Combat Command
38%
Homey Airport (Area 51) Groom Lake, NV Air Force Materiel Command
36%
Joint Base McGuire-Dix-Lakehurst Trenton, NJ Air Mobility Command
36%
Seymour Johnson AFB Goldsboro, NC Air Combat Command
36%
Francis E. Warren AFB Cheyenne, WY Air Force Global Strike Command
33%
Hanscom AFB Lincoln, MA Air Force Materiel Command
31%
Pope Field Fayetteville, NC Air Combat Command
31%
Goodfellow AFB San Angelo, TX Air Education & Training Command
29%
Hurlburt Field Mary Esther, FL Air Force Special Operations Command
29%
McConnell AFB Wichita, KS Air Mobility Command
29%
Arnold AFB Tullahoma, TN Air Force Materiel Command
26%
Rome Laboratory Rome, NY Air Force Materiel Command
21%
Gila Bend Air Force Auxiliary Field Gila Bend, AZ Air Education & Training Command
17%
Joint Base Anacostia-Bolling Washington, D.C. Air Force District of Washington
17%
Fort George G. Meade Odenton, MD Air Combat Command
14%
Tonopah Test Range Airport Tonopah, NV Air Combat Command
14%
North Air Force Auxiliary Field North, SC Air Mobility Command
12%
Kegelman Air Force Auxiliary Field Cherokee, OK Air Education & Training Command
5%
No matching quizzes found
Score Distribution
Percent of People with Each Score
Percentile by Number Answered
Your Score History
You have not taken this quiz